000 00557nam a22001817a 4500
005 20231110142703.0
010 _aENG-138216
020 _a978935442772
_c375.00
035 _aEN-121748
037 _bDBAD/PUB
082 _a880.08
245 _aVoices of Resistance/
_cBy Volga Kalpana Kannabiran
260 _aTelangana
_bOrient Blackswan Private limited
_c2023
270 _a3-6-752, Himayatnagar
_bHyderabad
_e500029
300 _a284
_c22cm(pbk)
700 _aKannabiran , Volga Kalpana
_956902
942 _2ddc
_cEN
_h880.08
_mKAN
999 _c198499
_d198499